<?xml version="1.0" encoding="UTF-8"?>
<marc:record xmlns:marc="http://www.loc.gov/MARC21/slim">
   <marc:leader>00000nam a2200000 a 4500</marc:leader>
   <marc:datafield ind1="1" ind2=" " tag="100">
      <marc:subfield code="a">Biermann, Kai</marc:subfield>
      <marc:subfield code="4">aut</marc:subfield>
      <marc:subfield code="e">Verfasser/-in</marc:subfield>
   </marc:datafield>
   <marc:datafield ind1="1" ind2=" " tag="100">
      <marc:subfield code="a">Haase, Martin</marc:subfield>
      <marc:subfield code="4">aut</marc:subfield>
      <marc:subfield code="e">Verfasser/-in</marc:subfield>
   </marc:datafield>
   <marc:datafield ind1=" " ind2=" " tag="653">
      <marc:subfield code="a">Deutsch</marc:subfield>
   </marc:datafield>
   <marc:datafield ind1=" " ind2=" " tag="653">
      <marc:subfield code="a">Sprachkritik</marc:subfield>
   </marc:datafield>
   <marc:datafield ind1=" " ind2=" " tag="653">
      <marc:subfield code="a">Sprachgebrauch</marc:subfield>
   </marc:datafield>
   <marc:datafield ind1=" " ind2=" " tag="653">
      <marc:subfield code="a">Öffentlichkeit</marc:subfield>
   </marc:datafield>
   <marc:datafield ind1=" " ind2=" " tag="653">
      <marc:subfield code="a">Deutschsprachige Literaturwissenschaft</marc:subfield>
   </marc:datafield>
   <marc:datafield ind1="0" ind2="0" tag="245">
      <marc:subfield code="a">Sprachlügen</marc:subfield>
   </marc:datafield>
   <marc:datafield ind1="0" ind2="0" tag="245">
      <marc:subfield code="b">Unworte und Neusprech von "Atomruine" bis zeitnah"</marc:subfield>
   </marc:datafield>
   <marc:datafield ind1="0" ind2="0" tag="245">
      <marc:subfield code="c">Kai Biermann/Martin Haase</marc:subfield>
   </marc:datafield>
   <marc:datafield ind1=" " ind2="1" tag="264">
      <marc:subfield code="a">Frankfurt, M.</marc:subfield>
      <marc:subfield code="b">Fischer-Taschenbuch-Verl.</marc:subfield>
      <marc:subfield code="c">2013</marc:subfield>
   </marc:datafield>
   <marc:datafield ind1="1" ind2=" " tag="490">
      <marc:subfield code="a">Fischer</marc:subfield>
      <marc:subfield code="v">19497</marc:subfield>
   </marc:datafield>
   <marc:datafield ind1="1" ind2=" " tag="520">
      <marc:subfield code="a">Angaben aus der Verlagsmeldung

Sprachlügen : Unworte und Neusprech von »Atomruine« bis »zeitnah« / von Kai Biermann, Martin Haase

entlarvend – vernichtend – schonungslos

Wenn eine Regenhose zur »Schutzwaffe« wird, um friedliche Demonstranten als Bedrohung hinzustellen, der Gefahrenbereich zur »Sicherheitszone« mutiert oder der staatlich sanktionierte Mord zur »gezieltenTötung« wird, um sie notwendig und richtig erscheinen zu lassen – dann steckt eine Absicht dahinter: Verschleiern, was das Zeug hält!

Nirgendwo fliegen mehr Worthülsen und Unworte umher als in der Politik und bei öffentlichen Debatten. Kai Biermann und Martin Haase analysieren diese Sprache der Politiker, hinterfragen die verwendeten Begriffe, beleuchten sprachliche Hintergründe oder Wortverdrehungen und entlarven ideologische Implikationen und Manipulationen. Denn viele Worte, die wir als selbstverständlich hinnehmen, sind bei genauerem Hinsehen nichts anderes als dreiste Sprachlügen.

»Was jemand willentlich verbergen will, sei es vor anderen, sei es vor sich selber, auch was er unbewusst in sich trägt: Die Sprache bringt es an den Tag.« Victor Klemperer
</marc:subfield>
   </marc:datafield>
   <marc:datafield ind1=" " ind2=" " tag="020">
      <marc:subfield code="a">9783596194971</marc:subfield>
      <marc:subfield code="9">9783596194971</marc:subfield>
   </marc:datafield>
   <marc:datafield ind1=" " ind2=" " tag="041">
      <marc:subfield code="a">ger</marc:subfield>
   </marc:datafield>
   <marc:datafield ind1=" " ind2=" " tag="300">
      <marc:subfield code="a">234 S.</marc:subfield>
   </marc:datafield>
</marc:record>
